Guerra por las ideas en América Latina, 1959-1973 : presencia soviética en Cuba y Chile /
Saved in:
| Hovedforfatter: | |
|---|---|
| Format: | Electronisk eBog |
| Sprog: | spansk |
| Udgivet: |
Santiago de Chile :
Ediciones Universidad Alberto Hurtado,
[2020]
|
| Udgivelse: | Primera edición. |
| Serier: | Colección Historia (Ediciones Universidad Alberto Hurtado)
|
| Fag: | |
| Online adgang: | Digitalia Hispánica |
| Tags: |
Tilføj Tag
Ingen Tags, Vær først til at tagge denne postø!
|
MARC
| LEADER | 00000nam a2200000Ii 4500 | ||
|---|---|---|---|
| 001 | DIGUAH0101 | ||
| 003 | NyNyDIG | ||
| 006 | m o d | ||
| 007 | cr ||||||||||| | ||
| 008 | 220514s2020 cl ob 000 0 spa d | ||
| 035 | |a (OCoLC)1280391011 | ||
| 040 | |a DGITA |b eng |e rda |e pn |c DGITA | ||
| 020 | |a 9789563572599 |q eBook |q pdf | ||
| 020 | |z 9789563572582 |q impreso | ||
| 043 | |a e-ur--- |a nwcu--- |a s-cl--- | ||
| 050 | 1 | 4 | |a DK69.3.C9 ebook |
| 082 | 0 | 4 | |a 327.4707291 |
| 100 | 1 | |a Pedemonte, Rafael, |e author. | |
| 245 | 1 | 0 | |a Guerra por las ideas en América Latina, 1959-1973 : |b presencia soviética en Cuba y Chile / |c Rafael Pedemonte. |
| 250 | |a Primera edición. | ||
| 264 | 1 | |a Santiago de Chile : |b Ediciones Universidad Alberto Hurtado, |c [2020] | |
| 300 | |a 1 online resource. | ||
| 336 | |a text |b txt |2 rdacontent | ||
| 337 | |a computer |b c |2 rdamedia | ||
| 338 | |a online resource |b cr |2 rdacarrier | ||
| 347 | |a text file |2 rdaft | ||
| 347 | |b PDF | ||
| 490 | 1 | |a Colección Historia | |
| 504 | |a Includes bibliographical references. | ||
| 588 | 0 | |a Online resource; title from PDF title page (Digitalia, viewed May 14, 2022) | |
| 651 | 0 | |a Soviet Union |x Foreign relations |z Cuba. | |
| 651 | 0 | |a Soviet Union |x Foreign relations |z Chile. | |
| 651 | 0 | |a Cuba |x Foreign relations |z Soviet Union. | |
| 651 | 0 | |a Chile |x Foreign relations |z Soviet Union. | |
| 655 | 0 | |a Electronic books. | |
| 791 | 2 | |a Digitalia (Firm), |e distributor. | |
| 793 | 0 | |g Digitalia eBook Collection: |a Ediciones Universidad Alberto Hurtado | |
| 776 | 0 | 8 | |i Print version: |a Pedemonte, Rafael. |t Guerra por las ideas en América Latina, 1959-1973. |b Primera edición. |d Santiago de Chile : Ediciones Universidad Alberto Hurtado, [2020] |z 9789563572582 |
| 830 | 0 | |a Colección Historia (Ediciones Universidad Alberto Hurtado) | |
| 856 | 4 | 0 | |3 Digitalia Hispánica |u https://digitalia.unach.elogim.com/a/104018/ |
| 910 | |a Premium collection: 2022 | ||